Normal view MARC view
  • Raza, Muhammad Junaid

Entry Personal Name

Number of records used in: 1

001 - CONTROL NUMBER

  • control field: 21907

003 - CONTROL NUMBER IDENTIFIER

  • control field: NUST

005 - DATE AND TIME OF LATEST TRANSACTION

  • control field: 20190928134418.0

008 - FIXED-LENGTH DATA ELEMENTS

  • fixed length control field: 190928|| aca||aabn | a|a d

040 ## - CATALOGING SOURCE

  • Original cataloging agency: NUST
  • Transcribing agency: NUST

100 ## - HEADING--PERSONAL NAME

  • Personal name: Raza, Muhammad Junaid

670 ## - SOURCE DATA FOUND

  • Source citation: Work cat.: (NUST): Raza, Muhammad Junaid, The Ravi 2015 /, 2015.
© 2023 Central Library, National University of Sciences and Technology. All Rights Reserved.